Kann Therapie zum Risiko werden? Neue naturwissenschaftliche Erkenntnisse deuten auf eine erbliche Komponente hin
| 1. VerfasserIn: | |
|---|---|
| Medienart: | Druck Aufsatz |
| Sprache: | Deutsch |
| Veröffentlicht: |
1991
|
| In: |
Suchtreport
Jahr: 1991, Heft: 3, Seiten: 29-36 |
| Bestand in Tübingen: | In Tübingen vorhanden. IFK: 6892 |
| Verfügbarkeit prüfen: | HBZ Gateway |
| Schlagwörter: |
MARC
| LEADER | 00000caa a22000002c 4500 | ||
|---|---|---|---|
| 001 | 1640040382 | ||
| 003 | DE-627 | ||
| 005 | 20220608130917.0 | ||
| 007 | tu | ||
| 008 | 160223s1991 xx ||||| 00| ||ger c | ||
| 035 | |a (DE-627)1640040382 | ||
| 035 | |a (DE-576)456037349 | ||
| 035 | |a (DE-599)BSZ456037349 | ||
| 040 | |a DE-627 |b ger |c DE-627 |e rakwb | ||
| 041 | |a ger | ||
| 100 | 1 | |a Vogt, Irmgard |d 1941- |0 (DE-588)107949342 |0 (DE-627)396066968 |0 (DE-576)163433410 |4 aut | |
| 109 | |a Vogt, Irmgard 1941- | ||
| 245 | 1 | 0 | |a Kann Therapie zum Risiko werden? Neue naturwissenschaftliche Erkenntnisse deuten auf eine erbliche Komponente hin |c Irmgard Vogt |
| 264 | 1 | |c 1991 | |
| 336 | |a Text |b txt |2 rdacontent | ||
| 337 | |a ohne Hilfsmittel zu benutzen |b n |2 rdamedia | ||
| 338 | |a Band |b nc |2 rdacarrier | ||
| 773 | 0 | 8 | |i In |t Suchtreport |d Berlin : Synanon, 1986 |g (1991), 3, Seite 29-36 |w (DE-627)129282111 |w (DE-600)90603-7 |w (DE-576)022548815 |x 0930-8350 |7 nnas |
| 773 | 1 | 8 | |g year:1991 |g number:3 |g pages:29-36 |
| 935 | |a mkri | ||
| 951 | |a AR | ||
| ELC | |b 1 | ||
| LOK | |0 000 xxxxxcx a22 zn 4500 | ||
| LOK | |0 001 3301299148 | ||
| LOK | |0 003 DE-627 | ||
| LOK | |0 004 1640040382 | ||
| LOK | |0 005 20160223101033 | ||
| LOK | |0 008 160208||||||||||||||||ger||||||| | ||
| LOK | |0 040 |a DE-21-110 |c DE-627 |d DE-21-110 | ||
| LOK | |0 689 |a s |a Gewalt | ||
| LOK | |0 689 |a s |a Frauen | ||
| LOK | |0 689 |a s |a Therapieverhältnis | ||
| LOK | |0 852 |a DE-21-110 | ||
| LOK | |0 852 1 |c 6892 |m p |9 00 | ||
| LOK | |0 935 |a k110 | ||
| LOK | |0 938 |k p | ||
| LOK | |0 939 |a 08-02-16 |b l01 | ||
| ORI | |a SA-MARC-krimdoka001.raw | ||
| SIG | |a IFK: 6892 | ||
